Quizzes
Events
Quiz Creation
Community
Videos
Private Events
Remove Ads
Sign In
Join for FREE
Feedback
Dark Mode
Quiz Categories
Sports
Geography
Music
Movies
Television
Just For Fun
Miscellaneous
History
Literature
Language
Science
Gaming
Entertainment
Religion
Holiday
For Kids
Quiz Lab
Recent
Popular Today
Quiz Kudos Today
Editor Picks
Curator Picks
Quizzes by...
Day
Popularity
Type
Ratings
Length
Year
Community
Subscriptions
Recent Discussions
Orange Saloon
Badges
Playlists
Quests
Create
Leaderboards
Showdown
Live 5
Trivia Bingo
Activity
Puzzle Library
Sporcle Events
Private Events
Virtual Trivia
Globe League
Become a Host
Pub Owners
SporcleCon
Opinionation
Our Games
Videos
Blog
Mobile Apps
Partnerships
Remove Ads and Go Orange
Feedback
Sports
Athletes
MLB
NBA
NHL
NFL
Soccer
Sports Teams
WWE
NCAA
Football
Premier League
Basketball
Baseball
Hockey
Golf
Tennis
Cricket
Rugby
Auto Racing
Olympics
World Cup
Sports
Athletes
MLB
NBA
NHL
NFL
Soccer
Sports Teams
WWE
NCAA
Football
Premier League
Basketball
Baseball
Hockey
Golf
Tennis
Cricket
Rugby
Auto Racing
Olympics
World Cup
Random Quiz
Search Sporcle
×
Quiz Lab
Quiz Lab
Sports
Hockey
Type in answers that appear in a list
Type in answers that appear in a list
Classic
Best Score? Go Orange.
500 Games Played - Montreal Canadiens Stats
Can you name the 500 Games Played - Montreal Canadiens?
By
kmad
10m
66 Questions
587 Plays
587 Plays
587 Plays
Comments
Comments
Give Quiz Kudos
Give Quiz Kudos
-
- Ratings
hide this ad
More Info
Replay
Link that replays current quiz
Next Quiz
Link to next quiz in quiz playlist
You Got
0%
They Got
Avg Score
53%
Avg Friend Score
Upgrade to see
Score Distribution
Jump to the score distribution portion of the page
Score
0/66
Timer
10:00
0
Plays Today
Seasons
Player
% Correct
1955-
1975
Henri Richard
98.1%
1942-
1960
Maurice Richard
97.6%
1971-
1985
Guy Lafleur
93.5%
1950-
1971
Jean Beliveau
92.7%
2007-
2022
Carey Price
92.5%
1972-
1989
Larry Robinson
91.8%
1995-
2009
Saku Koivu
91.7%
1984-
1996
Patrick Roy
87.2%
1963-
1979
Yvan Cournoyer
84.3%
2012-
2022
Brendan Gallagher
83.7%
1966-
1981
Serge Savard
83.3%
1973-
1989
Bob Gainey
83%
2003-
2018
Tomas Plekanec
80.3%
2000-
2017
Andrei Markov
78.5%
1980-
1994
Guy Carbonneau
78%
1972-
1985
Steve Shutt
78%
1952-
1963
Jacques Plante
78%
1950-
1964
Bernie Geoffrion
77.2%
1968-
1982
Guy Lapointe
77%
1967-
1979
Jacques Lemaire
76%
1947-
1961
Doug Harvey
75.3%
2008-
2018
Max Pacioretty
73.5%
1974-
1986
Mario Tremblay
73.1%
1959-
1972
JC Tremblay
72.9%
1960-
1969
Gilles Tremblay
72.7%
1951-
1963
Dickie Moore
70.2%
1940-
1954
Elmer Lach
70%
1992-
1999
Vincent Damphousse
69.7%
1935-
1948
Toe Blake
68.7%
1990-
2009
Patrice Brisebois
68.3%
1969-
1978
Pete Mahovlich
67.8%
1982-
1990
Mats Naslund
67.3%
1941-
1956
Butch Bouchard
65.8%
Seasons
Player
% Correct
1983-
1990
Bobby Smith
62.4%
1922-
1938
Aurele Joliat
56%
1962-
1974
Jacques Laperriere
54.7%
1955-
1970
Claude Provost
53.3%
1969-
1983
Rejean Houle
51.3%
1979-
1992
Chris Nilan
51.1%
1985-
2000
Shayne Corson
50.1%
1972-
1981
Yvon Lambert
49.9%
1947-
1963
Tom Johnson
48.6%
2014-
2022
Jeff Petry
46.3%
1977-
1985
Pierre Mondou
45.5%
1960-
1970
Bobby Rousseau
43.8%
1988-
1996
Mike Keane
42.9%
1975-
1982
Doug Jarvis
42.6%
1963-
1971
John Ferguson
40.2%
1982-
1991
Ryan Walter
38.7%
1956-
1971
Ralph Backstrom
36.3%
1983-
1992
Mike McPhee
36.1%
1950-
1958
Bert Olmstead
35.6%
1994-
2007
Craig Rivet
31.5%
1984-
1992
Petr Svoboda
31.3%
1954-
1967
Jean-Guy Talbot
30.5%
1999-
2014
Francis Bouillon
29.9%
1982-
1990
Craig Ludwig
29.6%
1963-
1977
Jimmy Roberts
23.9%
1923-
1936
Sylvio Mantha
21.8%
1995-
2004
Stephane Quintal
19.6%
1962-
1975
Claude Larose
19.1%
1962-
1972
Terry Harper
18.6%
1951-
1963
Don Marshall
15.2%
1944-
1958
Ken Mosdell
14.5%
1925-
1938
Pit Lepine
12.6%
1947-
1958
Floyd Curry
10.2%
Quiz Playlist
Details
Report
Send in Message
Add To Playlist
More Info:
Asterisk indicates active player. Does not include the pre-NHL Montreal Canadiens. Updated 6/03/2023
Classic:
Type in answers that appear in a list
Last Updated: Jun 3, 2023
Quiz Scoreboard
CHALLENGE
Sign Up to Join the Scoreboard
Show All
Scores
Hide
Comments
May contain spoilers
Recently Published
Movies - When Are They Set?
by FPL_Elf
Movies
5m
Popular People in 1961
by mucciniale
History
6m
1-10 Letter E Words III
by El_Dandy
Language
2m
More to Explore
Quiz From the Vault
Featured Blog Post
Where Did the Easter Bunny Come From?
hide this ad
You Might Also Like...
Tags
Hockey Quiz
NHL Quiz
500
montreal
Montreal Canadiens
Player
season
Today's Top Quizzes in Sports
Browse Sports
hide this ad
Today's Top Quizzes in Hockey
Browse Hockey
Top Contributed Quizzes in Sports
1
Les meilleurs buteurs des matchs entre le PSG et l’OM
2
Les entraîneurs de l'OM et du PSG au 21e siècle
3
FIFA Club World Cup Champions
4
2022 World Cup Stars
5
Name the Premier League winners with different clubs
6
La finale Lions - Afrique du Sud 2021
7
Criteria MLB: Left Handed Sluggers
8
Players with Multiple 50 Home Run Seasons
9
MLB Players with Two .350 Batting Average Seasons
10
MLB Hall of Famer by Rings
Explore More
Trending Topics
NBA
Anime
Marvel
Kpop
Harry Potter
Disney
Crossword
Country
Song
The Office
Soccer
WWE
NFL
Puzzle
Pokémon
hide this ad
More By:
kmad
Quiz
Plays
Rating
Category
Featured
Created
NHL Top 200 Goal Scorers (Career)
185,062
4.60
Sports
Jan 3, 2010
NHL 60 Goals In a Season
69,342
4.67
Sports
Oct 16, 2009
40 Goal NHL Seasons, 00s-10s
68,086
4.59
Sports
Oct 5, 2010
NHL Hart Trophy Votes, '00s & '10s
49,669
4.45
Sports
Nov 22, 2009
NHL Most Points per Position/Team
28,104
4.45
Sports
Dec 23, 2011
Go to Creator's Profile
Score Distribution
Quiz Creator Spotlight
kmad
Follow
Send a Message
Quizzes Created
-
Created Quiz Play Count
-
More By This Creator
Popular Quizzes Today
1
Find the US States - No Outlines Minefield
2
Find the Countries of Europe - No Outlines Minefield
3
The Countries of the World
4
Popular People in 1961
5
1-10 Letter E Words III
6
US States
7
Find the US States
8
One Thing in Common: World Cities II
More Sports Quizzes
New York Islanders Stanley Cup Finals Opponent
Quiz Lab
Trending Quizzes
Risky Map Clicking: Least Populous States A-Z
1-10 Letter F Words
1-10 Letter G Words
One Thing in Common: United Kingdom
Risky Map Clicking: Next State Alphabetically
Recently Updated
Leaping Animals
pecheneg
Reality TV Shows (A-Z)
bhenderson79
Rickey Henderson's Hall of Fame Teammates
pecheneg
Champions League XIs: Arsenal
pecheneg
Quick Pick: Celebrities in WWE's Hall of Fame
aduchscher
A-Z Keypad Blitz II
pecheneg
Multiple Oscar Actors
pecheneg
Mystery Phrase Blitz: Oscar 'Best Actors'
pecheneg
F. Scott Fitzgerald Novels
LTH
Pick 3 Villains
ddd62291
Trending Topics
Anime
Marvel
Kpop
Crossword
NBA
Harry Potter
Disney
Country
NFL
The Office
Puzzle
Song
Pokémon
Soccer
WWE
Your Account Isn't Verified!
In order to create a playlist on Sporcle, you need to verify the email address you used during registration. Go to your
Sporcle Settings
to finish the process.
Report this User
Report this user for behavior that violates our
Community Guidelines
.
Details:
Send Report
Go to the Sporcle.com Mobile Site →
Comments